000 00734nam a2200229Ia 4500
003 GCL
008 140319s9999 xx 000 0 ara d
020 _a7003481055
040 _aGCL /
_cGCL
082 0 4 _a891.7
_bل أ
100 1 _aخيرى الضامن
245 1 0 _aالاعسر :
_bحكاية الفتى الاعسر والبرغوث الفولاذى /
_cخيرى الضامن
700 1 _aليسكوف، نيفولاى
250 _aالاولى
260 _aروسيا :
_bدار رادوغا ،
_c1991
300 _a61 ص:
_bايض ؛
_c30 سم
650 0 4 _aالادب الروسى
650 0 4 _aقصص الاطفال
650 0 4 _aادب الاطفال
650 0 4 _aالقصص الروسية
942 _2ddc
_cBK
999 _c5028
_d5028